1283 1383 1665 1917 1050 1251 1444 1765 1403 1441 1632 1855 1405 1016 1737 1461 1497 1604 1826 1871 1211 1656 1166 1424 1118 1417 1583 1057 1513 1768 1951 1270 1074 1609 1394 1778 1600 1261 1854 1336 1550 1723 1024 1120 1854 1788 1118 1250 1932 1092 1337 1932 1303 1704 1878 1129 1793 1561 1632 1354 1570 1289 1200 1881 1399 1458 1844 1674 1583 1305 1418 1889 1287 1027 1130 1405 1524 1389 1234 1856 1243 1369 1704 1235 1421 1747 1975 1049 1084 1180 1459 1916 1280 1707 1574 1147 1877 1905 1559 BCNSPRNW ULIB Ver.6.0+V

เปลี่ยนเป็นภาษาไทย

Change to English
 แสดงรายละเอียดบรรณานุกรม
  กลับหน้าหลัก

Brief Record : Get Marc (ISO 2709) : E-mail record : QR code < ปิดหน้าต่าง
LEADER : 00000nam 2200000uu 4500
001    13399122501
003     ULIB
008    020711s2553 th a 000 0 tha d
020    9786167345116
090    นว.^bว285ส
100    วาสนา
110    ลีลาวดี
245    สาวมะนาวหวาน/^cวาสนา
250    พิมพ์ครั้งที่ 1
260    กรุงเทพฯ :^bลีลาวดี,^c2553
300    192 หน้า
945    ^p159^l0^i19960
999    ^aทศพร เกษรทอง
รายการนี้ยังไม่มีแท็ก
คุณยังไม่ได้ล็อกอิน คุณสามารถมีกิจกรรมร่วมกับเว็บไซต์ได้ แต่ต้องล็อกอินก่อน ::
  ล็อกอิน

รายการสื่อสารสนเทศ

ลำดับที่ ประเภท เลขเรียก/บาร์โค้ด สถานที่ สถานะ
1. นวนิยาย
นวนิยาย
นว. ว285ส ฉ.1 
  Barcode: 19960
ห้องสมุดวิทยาเขตสวรรค์ประชารักษ์
►นวนิยาย
บนชั้น
  ขอยืม

รายการใกล้เคียง
    ผู้แต่ง [วาสนา]

BibComment


ยังไม่เคยถูกคอมเมนท์

คอมเมนท์ทรัพยากรรายการนี้
  คอมเมนท์: สาวมะนาวหวาน วาสนา


 Copyright 2026. Bcnsprnw @Library